Logikamente : libros de matemática :
Guardado en:
| Autor Principal: | |
|---|---|
| Formato: | Libro |
| Publicado: |
Buenos Aires :
Logikamente,
2006
|
| Edición: | 2a. ed. |
| Series: | Logikamente
|
| Materias: | |
| Etiquetas: |
Agregar Etiqueta
Sin Etiquetas, Sea el primero en etiquetar este registro!
|
| LEADER | 01200nam a22002655a 4500 | ||
|---|---|---|---|
| 001 | CEM.cems012352 | ||
| 005 | 20061124162523.0 | ||
| 008 | 130507s2006##################000#0#####d | ||
| 003 | CEMS | ||
| 020 | |a 9872198500 | ||
| 082 | 0 | 4 | |a 510 |
| 100 | 1 | |a Pisano, Juan Pablo | |
| 245 | 1 | 0 | |a Logikamente : |b libros de matemática : |c Juan Pablo Pisano |
| 250 | |a 2a. ed. | ||
| 260 | |a Buenos Aires : |b Logikamente, |c 2006 | ||
| 300 | |a 96 p. | ||
| 490 | 0 | |a Logikamente | |
| 505 | 0 | |a Trigonometría nivel 3 -- Trigonometría nivel 4 -- Estudio de funciones I -- Estudio de funciones III -- Estudio de funciones II -- Estudio de funciones IV -- Funciones polinomicas y racionales -- Números complejos -- Polinomios y monomios -- 6 casos de factoreo -- Factoreo por Gauss -- Expresiones algebraicas racionales -- Potenciación -- Radicación -- Racionalización -- Función exponencial y logarítmica -- Logaritmos y exponentes | |
| 653 | |a Matemática | ||
| 653 | |a Trigonometría | ||
| 653 | |a Números complejos | ||
| 653 | |a Factoreo | ||
| 653 | |a Funciones | ||
| 859 | |a CEMS |b BIB. CEMS - 11 de abril |h 510 |i P672 |p 23627.06 |t Ej.1 |v IV |3 IV | ||
| 859 | |a CEMS |b BIB. CEMS - 11 de abril |h 510 |i P672 |p 23932.07 |t Ej.2 |v IV |3 IV | ||
